The end of the dinosaurs : (Record no. 8697)

MARC details
000 -LEADER
fixed length control field 01348cam a2200337 a 4500
001 - CONTROL NUMBER
control field 3090714
003 - CONTROL NUMBER IDENTIFIER
control field OSt
005 - DATE AND TIME OF LATEST TRANSACTION
control field 20240621123412.0
008 - FIXED-LENGTH DATA ELEMENTS--GENERAL INFORMATION
fixed length control field 981023s1999 nyua b 001 0 eng
010 ## - LIBRARY OF CONGRESS CONTROL NUMBER
LC control number 98049427
020 ## - INTERNATIONAL STANDARD BOOK NUMBER
International Standard Book Number 0521474477 (hardbound)
040 ## - CATALOGING SOURCE
Original cataloging agency DLC
Transcribing agency MUST
Modifying agency DLC
041 1# - LANGUAGE CODE
Language code of text/sound track or separate title eng
Language code of original fre
043 ## - GEOGRAPHIC AREA CODE
Geographic area code n-mx---
082 00 - DEWEY DECIMAL CLASSIFICATION NUMBER
Classification number 531.4 FRA 1999
100 1# - MAIN ENTRY--PERSONAL NAME
Personal name Frankel, Charles.
9 (RLIN) 17584
240 10 - UNIFORM TITLE
Uniform title Mort des dinosaures.
Language of a work English
245 14 - TITLE STATEMENT
Title The end of the dinosaurs :
Remainder of title Chicxulub crater and mass extinctions /
Statement of responsibility, etc. Charles Frankel.
260 ## - PUBLICATION, DISTRIBUTION, ETC. (IMPRINT)
Place of publication, distribution, etc. New York :
Name of publisher, distributor, etc. Cambridge University Press,
Date of publication, distribution, etc. 1999.
300 ## - PHYSICAL DESCRIPTION
Extent xii, 223 p. :
Other physical details ill. ;
Dimensions 24 cm.
504 ## - BIBLIOGRAPHY, ETC. NOTE
Bibliography, etc Includes bibliographical references and index.
650 #0 - SUBJECT ADDED ENTRY--TOPICAL TERM
Topical term or geographic name as entry element Catastrophes (Geology)
9 (RLIN) 17585
650 #0 - SUBJECT ADDED ENTRY--TOPICAL TERM
Topical term or geographic name as entry element Extinction (Biology)
9 (RLIN) 7905
650 #0 - SUBJECT ADDED ENTRY--TOPICAL TERM
Topical term or geographic name as entry element Cryptoexplosion structures
Geographic subdivision Mexico
-- Campeche, Bay of, Region.
9 (RLIN) 17586
651 #0 - SUBJECT ADDED ENTRY--GEOGRAPHIC NAME
Geographic name Chicxulub Crater.
9 (RLIN) 17587
856 42 - ELECTRONIC LOCATION AND ACCESS
Materials specified Publisher description
Uniform Resource Identifier http://www.loc.gov/catdir/description/cam029/98049427.html
856 41 - ELECTRONIC LOCATION AND ACCESS
Materials specified Table of contents
Uniform Resource Identifier http://www.loc.gov/catdir/toc/cam021/98049427.html
906 ## - LOCAL DATA ELEMENT F, LDF (RLIN)
a 7
b cbc
c orignew
d 1
e ocip
f 19
g y-gencatlg
942 ## - ADDED ENTRY ELEMENTS (KOHA)
Source of classification or shelving scheme Dewey Decimal Classification
Koha item type Open Shelf
Holdings
Withdrawn status Lost status Source of classification or shelving scheme Damaged status Not for loan Home library Current library Date acquired Source of acquisition Inventory number Total Checkouts Full call number Barcode Date last seen Price effective from Koha item type
    Dewey Decimal Classification     MUST Main Library MUST Main Library 21/06/2024 Donation 2003/20581   531.4 FRA 1999 2024-21002 21/06/2024 21/06/2024 Open Shelf